000 00520cam a22002171 4500
001 7048064
005 20180226042431.0
008 730228s1964 xx 000 0 eng
010 _a 64010744
035 _a(OCoLC)565856
040 _aDLC
_cODaWU
_dDLC
041 _aeng
042 _apremarc
080 _a621 mur
100 1 _a27
101 _aeng
245 1 0 _aChemistry in engineering.
504 _aIncludes bibliographies.
906 _a7
_bcbc
_coclcrpl
_du
_encip
_f19
_gy-gencatlg
942 _2ddc
_cBK
999 _c43418
_d43418